Straight Shot to Null Island - Statistics

General Stats
  • This quiz has been taken 105 times
  • The average score is 35 of 43
Answer Stats
Country % Correct
South Africa
95%
United States
95%
Argentina
93%
Brazil
92%
Angola
91%
United Kingdom
90%
Democratic Republic of the Congo
88%
France
88%
Ghana
88%
Namibia
88%
Mexico
87%
Togo
87%
Benin
86%
Cameroon
86%
Equatorial Guinea
86%
Nigeria
85%
Republic of the Congo
85%
Barbados
84%
Gabon
84%
Grenada
84%
Saint Vincent and the Grenadines
84%
São Tomé and Príncipe
84%
Venezuela
84%
Antigua and Barbuda
81%
Dominica
81%
Ivory Coast
81%
Dominican Republic
80%
Saint Lucia
80%
Bahamas
79%
Saint Kitts and Nevis
79%
Suriname
79%
Uruguay
79%
Guyana
78%
Liberia
78%
Trinidad and Tobago
78%
Chile
76%
Colombia
76%
Haiti
76%
Jamaica
74%
Belize
67%
Honduras
65%
Norway
62%
Netherlands
58%
No matching quizzes found
Score Distribution
Percent of People with Each Score
Percentile by Number Answered
Your Score History
You have not taken this quiz